|
|
|
|
| LEADER |
00000cam a22000004a 4500 |
| 001 |
musev2_43571 |
| 003 |
MdBmJHUP |
| 005 |
20230905044549.0 |
| 006 |
m o d |
| 007 |
cr||||||||nn|n |
| 008 |
140912t20142014nyu o 00 0 eng d |
| 020 |
|
|
|a 9780801471919
|
| 020 |
|
|
|z 9780801452987
|
| 020 |
|
|
|z 9781501705595
|
| 020 |
|
|
|z 9780801471902
|
| 035 |
|
|
|a (OCoLC)966762200
|
| 040 |
|
|
|a MdBmJHUP
|c MdBmJHUP
|
| 100 |
1 |
|
|a Bartoloni-Tuazon, Kathleen,
|e author.
|
| 245 |
1 |
0 |
|a For Fear of an Elective King :
|b George Washington and the Presidential Title Controversy of 1789 /
|c Kathleen Bartoloni-Tuazon.
|
| 264 |
|
1 |
|a Ithaca, New York :
|b Cornell University Press,
|c 2014.
|
| 264 |
|
3 |
|a Baltimore, Md. :
|b Project MUSE,
|c 2017
|
| 264 |
|
4 |
|c ©2014.
|
| 300 |
|
|
|a 1 online resource (264 pages):
|b illustrations
|
| 336 |
|
|
|a text
|b txt
|2 rdacontent
|
| 337 |
|
|
|a computer
|b c
|2 rdamedia
|
| 338 |
|
|
|a online resource
|b cr
|2 rdacarrier
|
| 505 |
0 |
|
|a Introduction : the title controversy and the early presidency -- "An improper distinction of rank" : the persistence of titles -- The third body of Washington : sovereignties in confusion -- Protecting the presidency : a republican dilemma -- Debating a "doubtful power" : the legislative battle engaged -- "Strange contradictions" : the people confront status distinction -- A "dangerous vice" : leaders under scrutiny -- Conclusion : the path to American democratic leadership.
|
| 520 |
|
|
|a "In the spring of 1789, within weeks of the establishment of the new federal government based on the U.S. Constitution, the Senate and House of Representatives fell into dispute regarding how to address the president. Congress, the press, and individuals debated more than thirty titles, many of which had royal associations and some of which were clearly monarchical. For Fear of an Elective King is Kathleen Bartoloni-Tuazon's rich account of the title controversy and its meanings. The short, intense legislative phase and the prolonged, equally intense public phase animated and shaped the new nation's broadening political community. Rather than simply reflecting an obsession with etiquette, the question challenged Americans to find an acceptable balance between power and the people's sovereignty while assuring the country's place in the Atlantic world. Bartoloni-Tuazon argues that the resolution of the controversy in favor of the modest title of "President" established the importance of recognition of the people's views by the president and evidence of modesty in the presidency, an approach to leadership that fledged the presidency's power by not flaunting it. How the country titled the president reflected the views of everyday people, as well as the recognition by social and political elites of the irony that authority rested with acquiescence to egalitarian principles. The controversy's outcome affirmed the republican character of the country's new president and government, even as the conflict was the opening volley in increasingly partisan struggles over executive power. As such, the dispute is as relevant today as in 1789"--Jacket
|
| 546 |
|
|
|a In English.
|
| 588 |
|
|
|a Description based on print version record.
|
| 600 |
1 |
7 |
|a Washington, George,
|d 1732-1799
|2 fast
|0 (OCoLC)fst00178100
|
| 600 |
1 |
1 |
|a Washington, George,
|d 1732-1799.
|
| 600 |
1 |
0 |
|a Washington, George,
|d 1732-1799.
|
| 650 |
|
7 |
|a Presidents.
|2 fast
|0 (OCoLC)fst01075723
|
| 650 |
|
7 |
|a Politics and government.
|2 fast
|0 (OCoLC)fst01919741
|
| 650 |
|
7 |
|a Political culture.
|2 fast
|0 (OCoLC)fst01069263
|
| 650 |
|
7 |
|a Forms of address.
|2 fast
|0 (OCoLC)fst00932979
|
| 650 |
|
7 |
|a Executive power.
|2 fast
|0 (OCoLC)fst00917857
|
| 650 |
|
7 |
|a HISTORY
|z United States
|x Revolutionary Period (1775-1800)
|2 bisacsh
|
| 650 |
|
7 |
|a HISTORY
|z United States
|x State & Local
|x General.
|2 bisacsh
|
| 650 |
|
6 |
|a Pouvoir executif
|z États-Unis
|x Histoire
|y 18e siecle.
|
| 650 |
|
6 |
|a Titres de politesse
|z États-Unis
|x Histoire
|y 18e siecle.
|
| 650 |
|
6 |
|a Presidents
|z États-Unis
|x Histoire
|y 18e siecle.
|
| 650 |
|
0 |
|a Political culture
|z United States
|x History
|y 18th century.
|
| 650 |
|
0 |
|a Executive power
|z United States
|x History
|y 18th century.
|
| 650 |
|
0 |
|a Forms of address
|z United States
|x History
|y 18th century.
|
| 650 |
|
0 |
|a Presidents
|z United States
|x History
|y 18th century.
|
| 651 |
|
7 |
|a United States.
|2 fast
|0 (OCoLC)fst01204155
|
| 651 |
|
6 |
|a États-Unis
|x Politique et gouvernement
|y 1789-1797.
|
| 651 |
|
0 |
|a United States
|x Politics and government
|y 1789-1797.
|
| 655 |
|
7 |
|a History.
|2 fast
|0 (OCoLC)fst01411628
|
| 655 |
|
7 |
|a Electronic books.
|2 local
|
| 710 |
2 |
|
|a Project Muse.
|e distributor
|
| 830 |
|
0 |
|a Book collections on Project MUSE.
|
| 856 |
4 |
0 |
|z Texto completo
|u https://projectmuse.uam.elogim.com/book/43571/
|
| 945 |
|
|
|a Project MUSE - Custom Collection
|
| 945 |
|
|
|a Project MUSE - Archive Complete Supplement V
|
| 945 |
|
|
|a Project MUSE - Archive History Supplement V
|